| 000 | 01157 a2200265 4500 | ||
|---|---|---|---|
| 999 |
_c113361 _d113361 |
||
| 003 | BJBSDDR | ||
| 005 | 20230411090602.0 | ||
| 007 | ta | ||
| 008 | 071019s2018 nyu||||| |||| 00| 0 eng d | ||
| 020 | _a9780062740649 | ||
| 020 | _a0062740644 | ||
| 040 |
_bspa _cBJBSDDR |
||
| 041 | _aeng | ||
| 050 | 0 | 0 |
_aPS 3623 _bW566m 2018 |
| 100 | 1 |
_aWhelan, Julia, _d1984- |
|
| 245 | 1 | 0 |
_aMy Oxford year : _ba novel / _cJulia Whelan |
| 260 |
_aNew York : _bWilliam Morrow, _c2018 |
||
| 300 |
_a329 p. ; _c21 cm |
||
| 500 | _a"Based on the screenplay 'Oxford' by Allison Burnett"--Title page verso. "P.S. insights, interviews & more ..."--Cover. Includes reading group guide. | ||
| 520 | _aOffered a fantastic job in a rising star's political campaign on condition that she will work abroad and return to Washington after spending a dream year at Oxford, Ella clashes with, and then falls for, an outspoken literature professor with a life-changing secret that forces her to rethink her ambitions. Original. A first novel. 30,000 first printing. | ||
| 650 | 0 |
_aFicción _93082 |
|
| 650 | 4 |
_9203 _aNovela estadounidense |
|
| 942 |
_2lcc _cBK |
||
| 946 | _idpf | ||